00434nam a2200181 a 4500001001300000003000900013005001700022008004100039020000800080082001300088100001700101245002000118260003900138300000800177500003500185505001500220700001700235nice12345678IN_TiNIC20260116012403.0050524s1976 vana grp 000 0 eng  ac000a242bHAH aHahn, Ernest aPromises of God aVaniyambadibConcordia Pressc1976 a89p aincludes index and biblioraphy2 aReferences1 aHahn, Ernest